| 000 | 00434cam a2200169ua 4500 | ||
|---|---|---|---|
| 003 | OSt | ||
| 008 | 250108b |||||||| |||| 00| 0 eng d | ||
| 020 | _a81-219-0515-X | ||
| 082 |
_a621.301 _bTHE/TE |
||
| 100 | _aTheraja, B. L. | ||
| 245 | _aText book of Electrical Technology, Vo l- 2 / | ||
| 250 | _a22 / | ||
| 260 |
_aNew Delhi : _bNiraj Publications , _c2005. |
||
| 300 | _a1572 ; . | ||
| 700 | 1 | _aTheraja, A. K. | |
| 942 | _cBK | ||
| 999 |
_c7338 _d7338 |
||